50 Most Valuable Brazilian Players - Statistics

General Stats
  • This quiz has been taken 99 times
    39 since last reset
  • The average score is 29 of 50
Answer Stats
Rank Value (€) Club Player % Correct
1 €200M Real Madrid Vinicius Junior
100%
5 €75M Arsenal Gabriel
97%
3 €80M FC Barcelona Raphinha
97%
2 €100M Real Madrid Rodrygo
97%
4 €80M Newcastle United Bruno Guimaraes
91%
13 €50M Atalanta Ederson
91%
25 €30M Manchester City Ederson
91%
15 €45M Arsenal Gabriel Jesus
88%
7 €55M Arsenal Gabriel Martinelli
88%
32 €25M Liverpool Alisson
85%
21 €40M West Ham United Lucas Paqueta
85%
19 €40M PSG Marquinhos
85%
8 €55M Manchester City Savinho
85%
18 €40M Real Madrid Eder Militao
79%
6 €60M Juventus Bremer
76%
17 €40M Real Madrid Endrick
76%
24 €30M Tottenham Hotspur Richarlison
76%
16 €40M Newcastle United Joelinton
74%
9 €50M Brighton & Hove Albion Joao Pedro
71%
10 €50M Wolves Matheus Cunha
71%
37 €23M Flamengo Pedro
68%
27 €28M Nottingham Forest Danilo
65%
14 €45M Juventus Douglas Luiz
65%
46 €20M Manchester United Antony
62%
12 €50M Nottingham Forest Murillo
56%
20 €40M Wolves Joao Gomes
53%
22 €35M Bournemouth Evanilson
47%
11 €50M Palmeiras Willian Estevao
47%
33 €25M Borussia Dortmund Yan Couto
47%
49 €20M Fulham Andreas Pereira
41%
36 €25M RC Strasbourg Andrey Santos
41%
43 €22M Inter Milan Carlos Augusto
41%
30 €25M Al-Hilal Malcom
41%
23 €30M PSG Lucas Beraldo
38%
34 €25M Atletico Madrid Samuel Lino
38%
26 €28M Napoli David Neres
35%
40 €22M Brighton & Hove Albion Igor
35%
41 €22M Fiorentina Dodo
32%
31 €25M Brentford Igor Thiago
32%
29 €27M FC Porto Pepe
32%
47 €20M Fulham Rodrigo Muniz
32%
45 €20M Real Betis Vitor Roque
32%
28 €27M FC Porto Wenderson Galeno
32%
39 €22M Botafogo Luiz Henrique
29%
35 €25M Wolves Andre
26%
38 €23M Galatasaray Gabriel Sara
26%
50 €20M Al-Hilal Marcos Leonardo
24%
42 €22M West Ham United Luis Guilherme
21%
48 €20M Flamengo Gerson
18%
44 €20M Zenit St. Petersburg Wendel
15%
No matching quizzes found
Score Distribution
Percent of People with Each Score
Percentile by Number Answered
Your Score History
You have not taken this quiz since the last reset